Statistics for Countries Spelled With an E

Click here to take the quiz!

General Stats

  • This quiz has been taken 44 times
  • The average score is 72 of 86

Answers on the Map

Answers color-coded by a green-red scale on the quiz's map according to % correct below.
 

Answer Stats

Country% Correct
Ethiopia
100%
Argentina
97%
Egypt
97%
Germany
97%
Greece
97%
Ireland
97%
New Zealand
97%
Sweden
97%
United Kingdom
97%
Algeria
95%
Belarus
95%
Belgium
95%
Nepal
95%
Netherlands
95%
Peru
95%
Turkey
95%
Yemen
95%
France
92%
Guinea
92%
Iceland
92%
Israel
92%
Ukraine
92%
United States
92%
El Salvador
89%
Mexico
89%
Slovenia
89%
Chile
87%
Czech Republic
87%
Democratic Republic
of the Congo
87%
Denmark
87%
Dominican Republic
87%
Ecuador
87%
Eritrea
87%
Estonia
87%
Kenya
87%
Liechtenstein
87%
Serbia
87%
United Arab Emirates
87%
Venezuela
87%
Armenia
84%
Belize
84%
Guinea-Bissau
84%
Indonesia
84%
Montenegro
84%
North Korea
84%
Papua New Guinea
84%
South Korea
84%
Suriname
84%
Turkmenistan
84%
Uzbekistan
84%
Central African Republic
82%
Equatorial Guinea
82%
Luxembourg
82%
North Macedonia
82%
Vietnam
82%
Azerbaijan
79%
Bosnia and
Herzegovina
79%
Georgia
79%
Lebanon
79%
Niger
79%
Nigeria
79%
Republic of the Congo
79%
Saint Vincent and the
Grenadines
79%
Zimbabwe
79%
Lesotho
76%
Philippines
76%
Senegal
76%
Switzerland
76%
Benin
74%
East Timor
74%
Eswatini
74%
Federated States of
Micronesia
74%
Seychelles
74%
Liberia
71%
Singapore
71%
Bangladesh
68%
Cameroon
68%
Grenada
68%
Guatemala
68%
Maldives
68%
Mozambique
68%
Saint Kitts and Nevis
68%
Sierra Leone
68%
São Tomé and Príncipe
66%
Brunei
63%
Cape Verde
63%

Score Distribution

Percentile by Number Answered

Percent of People with Each Score

Your Score History

You have not taken this quiz